000 00482nam a2200181Ia 4500
008 100917s9999 xx 000 0 und d
082 _b39076
100 _aआळेकर सतीश
245 _aझुलता पूल
260 _bनीलकंठ प्रकाशन
_c1973
300 _a55
365 _b4
520 _aनाटक
630 _aझुलता पूल
650 _aनाटक
730 _aझुलता पूल
942 _cBOOK
999 _c644470
_d644467